000 00386nam a22001457a 4500
003 LK-CoDNM
005 20240813102406.0
008 240813b |||||||| |||| 00| 0 eng d
040 _aLK-CoDNM
_dLK-CoDNM
_eLK-CoDNM
080 _bGP1893
245 _aLegislative Council Of ceylon
260 _aColombo
_bGoverment Printer
_c1893
300 _bxxxiv, 255p. : map ; 34 cm
942 _cBK
999 _c147306
_d147306